| 000 | 00907nam a2200265 i 4500 | ||
|---|---|---|---|
| 001 | bg | ||
| 003 | BPK | ||
| 005 | 20200813122848.0 | ||
| 008 | 980702s1996 pl a f f |000 0 pol | ||
| 015 | _aPB 1996/17320 | ||
| 020 | _a8386453796 | ||
| 040 |
_aWA N _cBPK |
||
| 080 | _a536:621.1.01 | ||
| 080 | _a(075.8+076) | ||
| 245 | 0 | 0 |
_aZbiór zadań z termodynamiki / _cpod red. Tadeusza R. Fodemskiego ; Politechnika Łódzka. |
| 260 |
_aŁódź : _bPŁ, _c1996. |
||
| 300 |
_a195 s. : _brys., wykr. ; _c23 cm. |
||
| 504 | _aBibliogr. s. 195. | ||
| 655 | 4 | _aĆwiczenia i zadania dla szkół wyższych | |
| 650 | 4 | _aTermodynamika | |
| 710 | 2 |
_aPolitechnika Łódzka _bWydawnictwo. _4pbl. |
|
| 700 | 1 |
_aFodemski, Tadeusz R. _d(1944-2019) _eRedakcja |
|
| 856 |
_uhttp://koha.tu.koszalin.pl/cgi-bin/koha/opac-detail.pl?biblionumber=31599 _yKatalog online BPK |
||
| 942 |
_2UKD _cKS |
||
| 999 |
_c31599 _d31599 |
||